000 002650000a22000970004500
100 1 _aGnuse, Robert
245 1 0 _aDream genre in the Matthean infancy narratives
300 _aVol. 32, Num. 2 (Abril, 1990), Páginas 97-120
773 0 _tNovum Testamentum
942 _cANA
999 _c56788
_d56788